Memória da igreja em Mato Grosso : (Record no. 1373)
[ view plain ]
| 000 -LÍDER | |
|---|---|
| Campo Fixo de Controle | 00851nam a2200229 a 4500 |
| 001 - NÚMERO DE CONTROLE | |
| Campo de Controle | 1373 |
| 003 - IDENTIFICAÇÃO DO NÚMERO DE CONTROLE | |
| Campo de Controle | BR-CuiBMT |
| 005 - DATA E HORA DA ÚLTIMA ATUALIZAÇÃO | |
| Campo de Controle | 20231206011713.0 |
| 008 - DADOS FIXOS | |
| Dados Fixos | 231206s2002 mtba 000 0 por d |
| 020 ## - INTERNATIONAL STANDARD BOOK NUMBER | |
| Nº do ISBN | 8587226169 |
| 040 ## - AGÊNCIA CATALOGADORA | |
| Código da Agência Catalogadora | BR-CuiBMT |
| Agência que transcreveu o registro | BR-CuiBMT |
| 080 ## - Nº DA CLASSIFICAÇÃO DECIMAL UNIVERSAL | |
| Nº edição CDU | 2007 |
| Nº Class. CDU | 017:272 |
| Subd. Auxiliar Comum | (817.2)(091) |
| 090 ## - NÚMERO DE CHAMADA | |
| Nº classificação | 017:272(817.2)(091) |
| Cutter | M533 |
| 245 00 - TÍTULO PRINCIPAL | |
| Título principal | Memória da igreja em Mato Grosso : |
| Subtítulo | o arquivo da Cúria Metropolitana de Cuiabá : catálogo de documentos históricos / |
| Indicação de responsabilidade | Coordenação: Maria Adenir Peraro ; organizadora: Elizabeth Madureira Siqueira. |
| 260 ## - PUBLICAÇÃO, DISTRIBUIÇÃO, ETC. | |
| Local de publicação | Cuiabá : |
| Editora | Entrelinhas, |
| Data | 2002. |
| 300 ## - DESCRIÇÃO FÍSICA | |
| N. páginas ou volumes | 255 p. : |
| Ilustrações | il. ; |
| Dimensões | 30 cm |
| 504 ## - NOTA DE BIBLIOGRAFIA, ETC. | |
| Nota de bibliografia | Inclui bibliografia. |
| 650 ## - ASSUNTO TÓPICO | |
| Cabeçalho tópico ou nome geográfico | Arquivo e arquivamento de documentos |
| 650 ## - ASSUNTO TÓPICO | |
| Cabeçalho tópico ou nome geográfico | Igreja católica |
| Subdivisão de forma | história |
| Subdivisão geográfica | Brasil |
| 700 1# - ENTRADA SECUNDÁRIA -- NOME PESSOAL | |
| Nome pessoal | Siqueira, Elizabeth Madureira |
| Cód. do termo explicativo | org. |
| 942 ## - ELEMENTOS DE ENTRADA ADICIONAIS (KOHA) | |
| Fonte de classificação ou esquema de arquivamento | Classificação Decimal Universal |
| Tipo de item do Koha | Livros |
| Estado: removido | Estado: perdido | Fonte de classificação ou esquema de arquivamento | Estado: danificado | Indisponível para empréstimo | Localização permanente | Localização atual | Data de aquisição | Total Checkouts | Número de Chamada completo | Código de barras | Date last seen | Número do exemplar | Preço efetivo a partir de | Tipo de item (Koha) |
|---|---|---|---|---|---|---|---|---|---|---|---|---|---|---|
| Classificação Decimal Universal | Biblioteca da Escola Superior de Contas do TCE/MT | Biblioteca da Escola Superior de Contas do TCE/MT | 05/12/2023 | 017:272(817.2)(091) M533 | BIBTCEMT23120253 | 06/12/2023 | Ex. 1 | 06/12/2023 | Livros |